000 02141nam a22004097a 4500
001 16609864
003 OSt
005 20210426100749.0
008 110113s2011 nyua b 001 0 eng
010 _a 2011001289
020 _a9781608194803
020 _a1608194809
035 _a(OCoLC)ocn682894538
040 _aDLC
_cDLC
_dYDX
_dBTCTA
_dYDXCP
_dIAD
_dVP@
_dIEB
_dILC
_dMOF
_dI3U
_dDLC
_beng
041 _aeng
042 _apcc
050 0 0 _aPE1261
_b.P46 2011
080 _a811.111
_bP-41
082 0 0 _a425/.55
_222
100 1 _aPennebaker, James W.
245 1 4 _aThe secret life of pronouns :
_bwhat our words say about us /
_c/ by: Bloomsbury Press
250 _a1st U.S. edition
260 _aNew York :
_bBloomsbury Press
_c2011.
300 _axii, 352 p.
_bill.
_c25 cm.
365 _b28 usd
504 _aIncludes bibliographical references (p. 319-333) and index.
505 0 _aDiscovering the secret life of the most forgettable words -- Ignoring the content, celebrating the style -- The words of sex, age, and power -- Personality: finding the person within -- Emotion detection -- Lying words -- The language of status, power, and leadership -- The language of love -- Seeing groups, companies, and communities through their words -- Word sleuthing -- Appendix: a handy guide for spotting and interpreting function words in the wild.
520 _aDraws on groundbreaking research in computational linguistics to explain what language choices reveal about feelings, self-concept, and social intelligence, in a lighthearted treatise that also explores the language personalities of famous individuals.
650 0 _aEnglish language
_xPronoun.
650 0 _aEnglish language
_xGrammar.
653 _aინგლისური ენა
856 4 2 _3Contributor biographical information
_uhttp://catdir.loc.gov/catdir/enhancements/fy1108/2011001289-b.html
856 4 2 _3Publisher description
_uhttp://catdir.loc.gov/catdir/enhancements/fy1108/2011001289-d.html
906 _a7
_bcbc
_corignew
_d1
_eecip
_f20
_gy-gencatlg
942 _2udc
_cBK
_e1
999 _c1277
_d1277